| 000 | 00862cam a22002414a 4500 | ||
|---|---|---|---|
| 001 | 11982593 | ||
| 005 | 20180214033439.0 | ||
| 008 | 000421s2001 maua b 001 0 eng | ||
| 010 | _a 00032865 | ||
| 020 | _a0072355514 (recycled, acidfree paper) | ||
| 040 |
_aDLC _cDLC _dDLC |
||
| 041 | _aeng | ||
| 042 | _apcc | ||
| 080 | _a612..044 sco | ||
| 082 | 0 | 0 |
_a612..044 sco _221 |
| 100 | 1 | _a6 | |
| 101 | _aana | ||
| 245 | 1 | 0 |
_aExercise physiology : _cScott K. Powers, Edward T. Howley. |
| 504 | _aIncludes bibliographical references and index. | ||
| 906 |
_a7 _bcbc _corignew _d1 _eocip _f20 _gy-gencatlg |
||
| 942 |
_2ddc _cBK |
||
| 999 |
_c42446 _d42446 |
||